| Tag |
First Indicator |
Second Indicator |
Subfields |
| LEADER |
00000nam a2200000Ia 4500 |
| 001 |
in00004199321 |
| 005 |
20200806090954.0 |
| 006 |
m g d |
| 007 |
cr bn |||a|bb| |
| 008 |
900510s1609 enk o 00| | eng d |
| 035 |
|
|
|a (OCoLC)21507044
|
| 040 |
|
|
|a EBK
|c EBK
|d WaOLN
|
| 037 |
|
|
|a CL0036000049
|b ProQuest. 789 E. Eisenhower Parkway, Ann Arbor, MI 48108-3218
|
| 090 |
|
|
|a PR2358
|b .A1 1609
|
| 049 |
|
|
|a UMIA
|
| 100 |
1 |
|
|a Spenser, Edmund,
|d 1552?-1599.
|
| 245 |
1 |
4 |
|a The faerie queene :
|b disposed into XII. bookes, fashioning twelue morall vertues.
|
| 260 |
|
|
|a At London :
|b Printed by H.L. for Mathew Lownes,
|c 1609.
|
| 300 |
|
|
|a 1 online resource ([2], 363, [15] pages)
|
| 336 |
|
|
|a text
|b txt
|2 rdacontent
|
| 337 |
|
|
|a computer
|b c
|2 rdamedia
|
| 338 |
|
|
|a online resource
|b cr
|2 rdacarrier
|
| 500 |
|
|
|a In verse.
|
| 500 |
|
|
|a Special t.p.: The second part of the faerie queene : containing the [brace] fourth, fift, and sixt booke / by Ed. Spenser. Imprinted at London for Mathew Lownes, 1609.
|
| 500 |
|
|
|a Second part also contains "Two cantos of mutabilitie" with running title: The seventh booke of the faerie queene.
|
| 500 |
|
|
|a In double columns.
|
| 500 |
|
|
|a Signatures: A-2H⁶ 2I³ [par.]⁸.
|
| 500 |
|
|
|a Error in paging: pages 8 misnumbered 10.
|
| 500 |
|
|
|a Reproduction of original in the Harvard University. Library.
|
| 510 |
4 |
|
|a STC (2nd edition)
|c 23083
|
| 533 |
|
|
|a Electronic reproduction.
|b Ann Arbor, Mich. :
|c UMI,
|d 1999-
|f (Early English books online)
|n Digital version of: (Early English books, 1475-1640 ; 1716:9)
|7 s1999 miun s
|
| 730 |
0 |
2 |
|a Second part of the faerie queene.
|
| 730 |
0 |
2 |
|a Two cantos of mutabilitie.
|
| 830 |
|
0 |
|a Early English books online.
|
| 856 |
4 |
0 |
|u http://proxy.library.tamu.edu/login?url=https://search.proquest.com/docview/2240861806
|z Connect to the full text of this electronic book
|t 0
|
| 999 |
f |
f |
|s 509a75b4-9ea6-3006-b11c-8de0aee2acaa
|i 8c03e336-3c27-3409-9caa-4c9fa09d06b6
|t 0
|
| 952 |
f |
f |
|a Texas A&M University
|b College Station
|c Electronic Resources
|d Available Online
|t 0
|e PR2358 .A1 1609
|h Library of Congress classification
|
| 998 |
f |
f |
|a PR2358 .A1 1609
|t 0
|l Available Online
|